<?xml version="1.0" encoding="UTF-8"?>
<record
    xmlns:xsi="http://www.w3.org/2001/XMLSchema-instance"
    xsi:schemaLocation="http://www.loc.gov/MARC21/slim http://www.loc.gov/standards/marcxml/schema/MARC21slim.xsd"
    xmlns="http://www.loc.gov/MARC21/slim">

  <leader>01088nam a22002417a 4500</leader>
  <controlfield tag="003">OSt</controlfield>
  <controlfield tag="005">20240705111731.0</controlfield>
  <controlfield tag="008">240705b           ||||| |||| 00| 0 eng d</controlfield>
  <datafield tag="022" ind1=" " ind2=" ">
    <subfield code="2">0974858X</subfield>
  </datafield>
  <datafield tag="040" ind1=" " ind2=" ">
    <subfield code="c">AIMIT LIBRARY</subfield>
  </datafield>
  <datafield tag="082" ind1=" " ind2=" ">
    <subfield code="a">005.129</subfield>
    <subfield code="b">FUZS</subfield>
  </datafield>
  <datafield tag="110" ind1=" " ind2=" ">
    <subfield code="a">Department of Management Science</subfield>
    <subfield code="9">172688</subfield>
  </datafield>
  <datafield tag="245" ind1=" " ind2=" ">
    <subfield code="a">International journal of : </subfield>
    <subfield code="b">fuzzy systems and rough systems /</subfield>
    <subfield code="c">By Department of Management Science</subfield>
  </datafield>
  <datafield tag="260" ind1=" " ind2=" ">
    <subfield code="a">New Delhi ;</subfield>
    <subfield code="b">Serials Publications ,</subfield>
    <subfield code="c">2013,2014.</subfield>
  </datafield>
  <datafield tag="300" ind1=" " ind2=" ">
    <subfield code="b">HB</subfield>
    <subfield code="c">28 cm</subfield>
  </datafield>
  <datafield tag="440" ind1=" " ind2=" ">
    <subfield code="a">International journal of :fuzzy systems and rough systems</subfield>
    <subfield code="v">Vol.6 No.1-2 /2013, Vol.7 No.1-2/2014.</subfield>
    <subfield code="9">172689</subfield>
  </datafield>
  <datafield tag="440" ind1=" " ind2=" ">
    <subfield code="v">Vol.8 No.1-2/2015, Vol.9 No.1-2/2016, Vol.10 No.1-2/2017.</subfield>
  </datafield>
  <datafield tag="440" ind1=" " ind2=" ">
    <subfield code="v">Vol.4 No.1-2/2011, Vol.5 No.1-2/2012.</subfield>
  </datafield>
  <datafield tag="650" ind1=" " ind2=" ">
    <subfield code="a">A method of vague search to answer queries in relational databases</subfield>
    <subfield code="9">172690</subfield>
  </datafield>
  <datafield tag="650" ind1=" " ind2=" ">
    <subfield code="a">Numerical solution of takagi- sugeno fuzzy model based state equations via orthogonal functions</subfield>
    <subfield code="9">172691</subfield>
  </datafield>
  <datafield tag="650" ind1=" " ind2=" ">
    <subfield code="a">Impact of deforestation on IWRM : use of fuzzy EIA evaluation</subfield>
    <subfield code="9">172692</subfield>
  </datafield>
  <datafield tag="942" ind1=" " ind2=" ">
    <subfield code="2">ddc</subfield>
    <subfield code="c">BV</subfield>
    <subfield code="k">005.129 FUZS</subfield>
  </datafield>
  <datafield tag="999" ind1=" " ind2=" ">
    <subfield code="c">231392</subfield>
    <subfield code="d">231392</subfield>
  </datafield>
  <datafield tag="952" ind1=" " ind2=" ">
    <subfield code="0">0</subfield>
    <subfield code="1">0</subfield>
    <subfield code="2">ddc</subfield>
    <subfield code="4">0</subfield>
    <subfield code="7">0</subfield>
    <subfield code="8">MCA</subfield>
    <subfield code="a">AIMIT</subfield>
    <subfield code="b">AIMIT</subfield>
    <subfield code="c">BV</subfield>
    <subfield code="d">2024-07-05</subfield>
    <subfield code="h">Vol.6 No.1-2 /2013/Vol.7 No.1-2/2014</subfield>
    <subfield code="l">0</subfield>
    <subfield code="o">005.129 FUZS</subfield>
    <subfield code="p">BVI126</subfield>
    <subfield code="r">2024-07-05 00:00:00</subfield>
    <subfield code="w">2024-07-05</subfield>
    <subfield code="y">BV</subfield>
  </datafield>
  <datafield tag="952" ind1=" " ind2=" ">
    <subfield code="0">0</subfield>
    <subfield code="1">0</subfield>
    <subfield code="2">ddc</subfield>
    <subfield code="4">0</subfield>
    <subfield code="7">0</subfield>
    <subfield code="8">MCA</subfield>
    <subfield code="a">AIMIT</subfield>
    <subfield code="b">AIMIT</subfield>
    <subfield code="c">BV</subfield>
    <subfield code="d">2024-07-05</subfield>
    <subfield code="h">Vol.4 No.1-2/2011/ Vol.5 No.1-2/2012.</subfield>
    <subfield code="l">0</subfield>
    <subfield code="o">005.129 FUZS</subfield>
    <subfield code="p">BVI125</subfield>
    <subfield code="r">2024-07-05 00:00:00</subfield>
    <subfield code="w">2024-07-05</subfield>
    <subfield code="y">BV</subfield>
  </datafield>
  <datafield tag="952" ind1=" " ind2=" ">
    <subfield code="0">0</subfield>
    <subfield code="1">0</subfield>
    <subfield code="2">ddc</subfield>
    <subfield code="4">0</subfield>
    <subfield code="7">0</subfield>
    <subfield code="8">MCA</subfield>
    <subfield code="a">AIMIT</subfield>
    <subfield code="b">AIMIT</subfield>
    <subfield code="c">BV</subfield>
    <subfield code="d">2024-07-05</subfield>
    <subfield code="h">Vol.8 No.1-2/2015/ Vol.9 No.1-2/2016/ Vol.10 No.1-2/2017.</subfield>
    <subfield code="l">0</subfield>
    <subfield code="o">005.129 FUZS</subfield>
    <subfield code="p">BVI127</subfield>
    <subfield code="r">2024-07-05 00:00:00</subfield>
    <subfield code="w">2024-07-05</subfield>
    <subfield code="y">BV</subfield>
  </datafield>
</record>
